Grow A Greener Data Center (Record no. 330211)
[ view plain ]
| 000 -LEADER | |
|---|---|
| fixed length control field | 00452nam a2200169Ia 4500 |
| 008 - FIXED-LENGTH DATA ELEMENTS--GENERAL INFORMATION | |
| fixed length control field | 230718s9999 xx 000 0 und d |
| 020 ## - INTERNATIONAL STANDARD BOOK NUMBER | |
| International Standard Book Number | 9788131758021 |
| 041 ## - LANGUAGE CODE | |
| Language code of text/sound track or separate title | eng |
| 082 ## - DEWEY DECIMAL CLASSIFICATION NUMBER | |
| Classification number | 725.23 |
| Item number | ALG |
| 100 ## - MAIN ENTRY--PERSONAL NAME | |
| Personal name | Alger D. |
| 9 (RLIN) | 193299 |
| 245 ## - TITLE STATEMENT | |
| Title | Grow A Greener Data Center |
| 260 ## - PUBLICATION, DISTRIBUTION, ETC. (IMPRINT) | |
| Date of publication, distribution, etc. | 2011 |
| Name of publisher, distributor, etc. | Pearson Education |
| 300 ## - PHYSICAL DESCRIPTION | |
| Extent | 270 |
| 365 ## - TRADE PRICE | |
| Currency code | Rs. |
| Price amount | 499.00 |
| 700 ## - ADDED ENTRY--PERSONAL NAME | |
| Personal name | Alger D. |
| 9 (RLIN) | 193299 |
| 906 ## - LOCAL DATA ELEMENT F, LDF (RLIN) | |
| d | O:0267301-Mar-2012B:1066717-Jan-2012 |
| c | COMP |
| b | 124.75 |
| Withdrawn status | Lost status | Damaged status | Not for loan | Home library | Current library | Date acquired | Vendor | Budget Code | Cost, normal purchase price | Bill number | Total Checkouts | Full call number | Barcode | Date last seen | Discount | Cost, replacement price | Bill Date | Koha item type | Original Barcode |
|---|---|---|---|---|---|---|---|---|---|---|---|---|---|---|---|---|---|---|---|
| Cummins College of Engineering for Women Pune | Cummins College of Engineering for Women Pune | 01/03/2012 | Technical Book Services | COMP | 374.25 | 10667 | 725.23 | CCEP-BK-41418 | 18/07/2023 | 124.75 | 499.00 | 17/01/2012 | Books | 041418 |